Az alkoholizmus hatása a bűnözésre
Elmentve itt :
| Szerző: | |
|---|---|
| További közreműködők: | |
| Dokumentumtípus: | Szakdolgozat |
| Megjelent: |
1987
|
| Tárgyszavak: | |
| Online Access: | http://diploma.bibl.u-szeged.hu/21589 |
| LEADER | 00551nta a2200157 i 4500 | ||
|---|---|---|---|
| 001 | dipl21589 | ||
| 005 | 20130314080746.0 | ||
| 008 | 120105s1987 hu om 0|| zxx d | ||
| 040 | |a SZTE Diploma Repozitórium |b hun | ||
| 041 | |a zxx | ||
| 100 | 1 | |a Rubi Gabriella | |
| 245 | 1 | 3 | |a Az alkoholizmus hatása a bűnözésre |h [elektronikus dokumentum] / |c Gabriella Rubi |
| 260 | |c 1987 | ||
| 650 | 4 | |a Jogi és igazgatási tanulmányok | |
| 700 | 1 | |a Merényi Kálmán |e ths | |
| 856 | 4 | 0 | |u http://diploma.bibl.u-szeged.hu/id/eprint/21589/1/1987_rubi_gabriella.pdf |z Dokumentum-elérés |